| 000 | 00705nam a2200241 a 4500 | ||
|---|---|---|---|
| 999 |
_c10885 _d10885 |
||
| 001 | 10885 | ||
| 003 | BD-JhCC | ||
| 005 | 20190624134942.0 | ||
| 008 | 190523b2017 bg |||| ||a| 000 0 ben d | ||
| 020 | _a9789847763569 | ||
| 035 | _a(BD-JhCC)10885 | ||
| 040 |
_aBD-JhCC _dBD-JhCC |
||
| 041 | _aben | ||
| 082 |
_a923 _bISL 2017 |
||
| 100 | _aইসলাম, মোঃ হেমায়েতুল | ||
| 245 |
_aএই তো জীবন / _cমোঃ হেমায়েতুল ইসলাম |
||
| 260 |
_aঢাকা, _bঐতিহ্য; _c2017. |
||
| 300 |
_a100 p. : _c22 cm. |
||
| 600 |
_aIslam, Md. Hedayetul _d1938- |
||
| 650 | _aBiography | ||
| 942 |
_2ddc _cBK |
||